| 000 | 01200nam2a2200277 4500 | ||
|---|---|---|---|
| 001 | RU\NLR\BIBL_A\012306242 | ||
| 005 | 20200810141042.0 | ||
| 010 |
_a978-5-17-121761-7 _92000 |
||
| 021 |
_aRU _bКН-П-20-019127 _9КН-П-20-1506 |
||
| 035 | _a(NLR Aleph) 012306242 | ||
| 035 | _a(RuMoRGB)010317556 | ||
| 090 |
_a11347081 _c11347081 |
||
| 100 | _a20200803d2020 u y0rusy50 ca | ||
| 101 | 0 | _arus | |
| 102 | _aRU | ||
| 105 | _ac|||z|||000 y | ||
| 200 | 1 | _aВо славу мести | |
| 210 | _d2020 | ||
| 215 |
_a350, [1] с. _cпортр. |
||
| 225 | 1 | _aСерия "Древний" | |
| 320 | _aДр. произведения авт. на 2-й с. | ||
| 461 | 0 |
_1001RU\NLR\BIBL_A\011118061 _12001#$aДревний$iПредыстория$e[фантастический роман]$fСергей Тармашев$vКн. 4 _1700#1$aТармашев$bС. С.$f1974-$gСергей Сергеевич _911503918 _aТармашев, С. С. (1974-) _cМосква _d2016 _fСергей Тармашев _iПредыстория _nАСТ _o[фантастический роман] _tДревний _vКн. 4 |
|
| 942 | _cBOOK | ||
| 980 | _aNB | ||